| 000 | 00628nam a2200217Ia 4500 | ||
|---|---|---|---|
| 003 | OSt | ||
| 005 | 20251211100830.0 | ||
| 008 | 210707s1983 xx 000 0 und d | ||
| 040 | _cAL | ||
| 041 | _aKannada | ||
| 082 | _a914.504K HARI | ||
| 100 |
_aHARIDASA BHATTA (Ku Shi) _dಕು. ಶಿ. ಹರಿದಾಸ ಭಟ್ಟ _9248787 |
||
| 245 |
_aItalia nanu kandante. _bಇತಾಲಿಯಾ ನಾನು ಕಂಡಂತೆ |
||
| 260 |
_aBengaluru _bVishva Kannada Sammelana _c1983 |
||
| 300 | _aiv,227,xxviii p | ||
| 365 |
_b8 _cINR |
||
| 563 | _aPB | ||
| 650 |
_aTravel _9248788 |
||
| 906 | _aItaly | ||
| 942 |
_2ddc _cBK |
||
| 999 |
_c180186 _d180186 |
||